000 00205 a2200097 4500
001 47387
100 _aGriffith S
245 _aAir power
260 _aLondon
_bGerald duckworth
_c
090 _c30420
_d30420
942 _aNUST-CAE
_cM
_c22693
999 _c282460
_d282460